[Event "Tournoi francophone 007 Groupe E"]
[Site "Skype"]
[Date "????.??.??"]
[Round "1.1"]
[White "Le Bouill, Pierre"]
[Black "Lecluyse, Koenraad"]
[Result "0-1"]
[WhiteElo "1227"]
[BlackElo "1137"]
[PlyCount "38"]

1. Nf3 Nc6 2. c4 e6 3. a3 a5 4. d3 d5 5. cxd5 exd5 6. g3 d4 7. Bg2 h6 8. e3 Nf6
9. O-O Bc5 10. Re1 O-O 11. Bd2 Re8 12. b4 axb4 13. exd4 Rxe1+ 14. Nxe1 Qxd4 15.
Nc2 Qxf2+ 16. Kh1 bxa3 17. Nbxa3 Ng4 18. h3 Nge5 19. Qe2 Qxe2 0-1

[Event "Tournoi francophone 007 Groupe E"]
[Site "Skype"]
[Date "????.??.??"]
[Round "1.2"]
[White "Lequeux, Pierre"]
[Black "Dhenain, Sebastien"]
[Result "0-1"]
[WhiteElo "1083"]
[BlackElo "1201"]
[PlyCount "70"]

1. e4 e5 2. Nf3 Nc6 3. Bc4 Bc5 4. a3 Nf6 5. d3 O-O 6. Bg5 h6 7. Bh4 d6 8. h3
Re8 9. b4 Bb6 10. c3 Be6 11. a4 Bxc4 12. dxc4 a6 13. Nbd2 a5 14. b5 Ne7 15. O-O
Ng6 16. Bxf6 Qxf6 17. Qe1 Nf4 18. Qb1 Qg6 19. g3 Nxh3+ 20. Kg2 Ng5 21. Nh4 Qe6
22. Qd1 Qh3+ 23. Kg1 Qe6 24. Rc1 Nh3+ 25. Kg2 Ng5 26. Rh1 Qf6 27. Nhf3 Nxf3 28.
Nxf3 Re6 29. Qd5 Rc8 30. Qxb7 Ree8 31. Qd5 g5 32. g4 Qf4 33. Rce1 Qxg4+ 34. Kf1
Qxf3 35. Rxh6 Qxf2# 0-1

[Event "Tournoi francophone 007 Groupe E"]
[Site "Skype"]
[Date "????.??.??"]
[Round "1.3"]
[White "Chothe, Siddhant"]
[Black "Mimouni, Driss"]
[Result "1-0"]
[WhiteElo "1193"]
[BlackElo "1068"]
[PlyCount "67"]

1. e4 e5 2. Nf3 d6 3. d4 Nc6 4. c3 exd4 5. cxd4 Nf6 6. Nc3 Be6 7. d5 Bg4 8.
dxc6 bxc6 9. Be2 d5 10. exd5 cxd5 11. O-O d4 12. Nxd4 Qd6 13. Bxg4 h5 14. Re1+
Be7 15. Bf3 O-O 16. Bxa8 Ng4 17. g3 Rxa8 18. Nf5 Qxd1 19. Nxe7+ Kf8 20. Nxd1
Re8 21. Bg5 f6 22. Ng6+ Kf7 23. Rxe8 Kxe8 24. Be3 Kf7 25. Nf4 g5 26. Nxh5 Kg6
27. h3 Ne5 28. g4 Nf3+ 29. Kg2 Nh4+ 30. Kg3 Nf5+ 31. gxf5+ Kxh5 32. Rc1 g4 33.
Rxc7 gxh3 34. Rh7# 1-0

[Event "Tournoi francophone 007 Groupe E"]
[Site "Skype"]
[Date "????.??.??"]
[Round "1.4"]
[White "Morin, Claude"]
[Black "Rodriguez, Nathalie"]
[Result "0-1"]
[WhiteElo "1013"]
[BlackElo "1185"]
[PlyCount "52"]

1. e4 e5 2. Nf3 Nc6 3. c3 Nf6 4. Bb5 a6 5. Bxc6 bxc6 6. d3 d6 7. Nbd2 Be7 8. b3
O-O 9. Rb1 d5 10. h3 h6 11. Nxe5 Qd6 12. f4 Nd7 13. d4 f6 14. Ng6 Re8 15. O-O
c5 16. Ba3 Bb7 17. Qc2 f5 18. e5 Qxg6 19. dxc5 Nxc5 20. b4 Ne4 21. Nxe4 dxe4
22. b5 Bxa3 23. b6 cxb6 24. Qb3+ Re6 25. Qxa3 e3 26. Qc1 Qxg2# 0-1

[Event "Tournoi francophone 007 Groupe E"]
[Site "Skype"]
[Date "????.??.??"]
[Round "1.5"]
[White "Bacha, Mehdi"]
[Black "Khabou, Taha"]
[Result "0-1"]
[WhiteElo "1173"]
[BlackElo "1000"]
[PlyCount "64"]

1. d4 Nf6 2. f4 c6 3. e3 d5 4. Bd3 Bg4 5. Nf3 e6 6. O-O Be7 7. c3 O-O 8. Bc2
Nbd7 9. Qd3 Bf5 10. Qd1 Bxc2 11. Qxc2 c5 12. Ne5 Rc8 13. Nd2 cxd4 14. exd4 Qb6
15. Ndf3 h6 16. Be3 a6 17. Nxd7 Nxd7 18. Ne5 Nf6 19. a3 Bd6 20. Qd3 Rc7 21. b4
Rfc8 22. Qe2 Rxc3 23. Rac1 Rxc1 24. Rxc1 Rxc1+ 25. Bxc1 Qxd4+ 26. Qf2 Bxe5 27.
fxe5 Qxe5 28. Bf4 Qa1+ 29. Qf1 Qxa3 30. Bd6 Ne4 31. Be5 Nd2 32. Bb2 Qxb2 0-1

[Event "Tournoi francophone 007 Groupe E"]
[Site "Skype"]
[Date "????.??.??"]
[Round "1.6"]
[White "Pilon, Sabrina"]
[Black "Douichi, Mohammed"]
[Result "1-0"]
[WhiteElo "1000"]
[BlackElo "1165"]
[PlyCount "49"]

1. e4 e5 2. Nf3 d6 3. d4 exd4 4. Nxd4 Nf6 5. Nc3 Bg4 6. Be2 Bxe2 7. Qxe2 c5 8.
Qb5+ Nbd7 9. Nf5 b6 10. O-O a6 11. Qc6 Qc8 12. Nxd6+ Bxd6 13. Qxd6 Qd8 14. e5
Qe7 15. Re1 Qxd6 16. exd6+ Kd8 17. Bf4 h6 18. Re7 Rf8 19. Rae1 g5 20. Be5 Ne8
21. Nd5 Nxe5 22. R1xe5 Nxd6 23. Nxb6 Ra7 24. Rxa7 Re8 25. Rd7# 1-0

[Event "Tournoi francophone 007 Groupe E"]
[Site "Skype"]
[Date "????.??.??"]
[Round "1.7"]
[White "Scata, Laura"]
[Black "Schnell, Nicolas"]
[Result "1-0"]
[WhiteElo "1152"]
[BlackElo "1000"]
[PlyCount "85"]

1. Nf3 Nc6 2. e4 e6 3. d4 d6 4. Bc4 Be7 5. O-O Nb4 6. a3 Nc6 7. Re1 Nf6 8. Bg5
O-O 9. c3 Na5 10. Ba2 Bd7 11. Nbd2 b5 12. e5 Ne8 13. Bxe7 Qxe7 14. Ne4 d5 15.
Nc5 Bc6 16. b4 Nb7 17. Qd3 f5 18. exf6 Qxf6 19. Rxe6 Qd8 20. Rxc6 Rb8 21. Bb1
g6 22. Ne6 Qe7 23. Nxf8 Qxf8 24. Qxb5 Qh6 25. Qxd5+ Kf8 26. Ba2 Qg7 27. Re1
Nbd6 28. Ng5 Rb5 29. Rc5 Nf6 30. Ne6+ Kg8 31. Qa8+ Nfe8 32. Nxg7+ Kxg7 33. Rxb5
Nf6 34. Rb8 g5 35. Qxa7 Kg6 36. Qxc7 Nf5 37. Bb1 g4 38. Re5 Kg5 39. Rxf5+ Kg6
40. Rf8 Nh5 41. Qf7+ Kh6 42. Qxh5+ Kg7 43. Qg5# 1-0

[Event "Tournoi francophone 007 Groupe E"]
[Site "Skype"]
[Date "????.??.??"]
[Round "2.1"]
[White "Dhenain, Sebastien"]
[Black "Lecluyse, Koenraad"]
[Result "0-1"]
[WhiteElo "1201"]
[BlackElo "1137"]
[PlyCount "56"]

1. e4 e6 2. e5 d5 3. d4 c5 4. Bb5+ Nc6 5. Nf3 Be7 6. Bxc6+ bxc6 7. O-O f6 8.
exf6 Nxf6 9. Ng5 Qd6 10. h3 h6 11. Nf3 O-O 12. Nc3 Ne4 13. Nxe4 dxe4 14. Ne5
cxd4 15. Ng6 Rf7 16. Nxe7+ Rxe7 17. b3 Ba6 18. Re1 Rf8 19. a4 c5 20. Ba3 Qe5
21. Bc1 Ref7 22. f4 Qd5 23. c4 Qc6 24. Qe2 Bb7 25. Ba3 e3 26. b4 Rxf4 27. Rf1
Rf2 28. Rae1 Qxg2# 0-1

[Event "Tournoi francophone 007 Groupe E"]
[Site "Skype"]
[Date "????.??.??"]
[Round "2.2"]
[White "Rodriguez, Nathalie"]
[Black "Pilon, Sabrina"]
[Result "1-0"]
[WhiteElo "1185"]
[BlackElo "1000"]
[PlyCount "59"]

1. Nf3 Nc6 2. e3 e5 3. d4 exd4 4. Nxd4 Nf6 5. Be2 d5 6. O-O Bd6 7. f4 Bg4 8.
Nf3 O-O 9. c3 d4 10. cxd4 Qe7 11. h3 Rfe8 12. Nc3 Bb4 13. Bd2 Bxc3 14. bxc3 Nd5
15. Ne5 Nxe5 16. fxe5 Qg5 17. Bxg4 Nxe3 18. Bxe3 Qxe3+ 19. Rf2 Qxc3 20. Rc1 Qe3
21. Rxc7 Rad8 22. Rcxf7 Rxd4 23. Qf1 Qc1 24. Qxc1 h6 25. Qe3 Rd1+ 26. Bxd1 a5
27. Ba4 Rc8 28. Qg3 Rc4 29. Rxg7+ Kh8 30. Rf8# 1-0

[Event "Tournoi francophone 007 Groupe E"]
[Site "Skype"]
[Date "????.??.??"]
[Round "2.3"]
[White "Khabou, Taha"]
[Black "Scata, Laura"]
[Result "1/2-1/2"]
[WhiteElo "1000"]
[BlackElo "1152"]
[PlyCount "139"]

1. e4 c6 2. d4 d5 3. e5 Bf5 4. Nf3 e6 5. Nc3 Bb4 6. Bd2 Qb6 7. Ne2 Bxd2+ 8.
Nxd2 Nd7 9. Nb3 Ne7 10. Ng3 Qb4+ 11. c3 Qb6 12. Nxf5 Nxf5 13. Bd3 Nh4 14. O-O
O-O-O 15. Qh5 Ng6 16. Bxg6 hxg6 17. Qg5 Rh5 18. Qe7 Rf8 19. h3 Qd8 20. Qa3 Kb8
21. Nc5 Nxc5 22. Qxc5 g5 23. a4 Rfh8 24. a5 a6 25. b4 g4 26. Rfb1 gxh3 27. g3
h2+ 28. Kh1 Qc7 29. Kg2 h1=Q+ 30. Rxh1 Rxh1 31. Rxh1 Rxh1 32. Kxh1 Qd8 33. Kg2
f5 34. f4 Qg8 35. Kf3 g5 36. fxg5 Qxg5 37. Qd6+ Kc8 38. Qxe6+ Kc7 39. Qd6+ Kc8
40. e6 Qg4+ 41. Kf2 Qe4 42. Qd7+ Kb8 43. e7 Qc2+ 44. Kg1 Qc1+ 45. Kg2 Qxc3 46.
e8=Q+ Ka7 47. Qec8 Qxb4 48. Qdxb7+ Qxb7 49. Qxf5 Qb2+ 50. Kh3 Qxd4 51. g4 c5
52. g5 c4 53. g6 c3 54. g7 Qxg7 55. Qxd5 c2 56. Qc5+ Kb7 57. Qxc2 Qh6+ 58. Kg3
Qg5+ 59. Kf3 Qxa5 60. Qb2+ Qb5 61. Qg7+ Kb6 62. Qh6+ Ka5 63. Qe6 Kb4 64. Qe4+
Qc4 65. Qb7+ Qb5 66. Qe7+ Qc5 67. Ke2 a5 68. Qb7+ Qb5+ 69. Qxb5+ Kxb5 70. Kd3
1/2-1/2

[Event "Tournoi francophone 007 Groupe E"]
[Site "Skype"]
[Date "????.??.??"]
[Round "2.4"]
[White "Le Bouill, Pierre"]
[Black "Chothe, Siddhant"]
[Result "0-1"]
[WhiteElo "1227"]
[BlackElo "1193"]
[PlyCount "54"]

1. d4 d5 2. f4 e6 3. c3 Bd6 4. Nf3 Nc6 5. e3 a6 6. Bd3 Bd7 7. Nbd2 b5 8. a3 Nf6
9. Ne5 O-O 10. O-O Re8 11. g4 g6 12. g5 Nh5 13. Be2 Ng7 14. Bd3 Nf5 15. Bxf5
exf5 16. Qf3 Nxe5 17. fxe5 Qxg5+ 18. Qg2 Qxe3+ 19. Rf2 Bf8 20. Nf3 Qe4 21. Re2
Qg4 22. Qg3 Qxg3+ 23. hxg3 Be7 24. Bg5 Bxg5 25. Nxg5 f6 26. Rae1 fxg5 27. Re4
dxe4 0-1

[Event "Tournoi francophone 007 Groupe E"]
[Site "Skype"]
[Date "????.??.??"]
[Round "2.5"]
[White "Mimouni, Driss"]
[Black "Bacha, Mehdi"]
[Result "0-1"]
[WhiteElo "1068"]
[BlackElo "1173"]
[PlyCount "118"]

1. c4 g6 2. d4 Bg7 3. c5 Nf6 4. d5 O-O 5. Bf4 d6 6. c6 bxc6 7. dxc6 Nxc6 8. e3
Be6 9. Nf3 Ne4 10. Qc2 Nf6 11. Bd3 Nb4 12. Qc1 Nxd3+ 13. Kd2 Nxc1 14. Kxc1 Rb8
15. b3 Ne4 16. Nd4 Nxf2 17. Rf1 Nd3+ 18. Kd2 Nc5 19. Nc3 Nd7 20. Nc6 Qe8 21.
Nxb8 Qxb8 22. Rab1 Bf5 23. Rb2 Qb7 24. h4 Qa6 25. e4 Qxf1 26. g3 Qf2+ 27. Kc1
Qf1+ 28. Kd2 Bxe4 29. Nxe4 Bxb2 30. Bh6 Bc1+ 31. Kc3 Bxh6 32. Nd2 Qe1 33. a4
Bg7+ 34. Kd3 Qxg3+ 35. Kc2 Bc3 36. Ne4 Qg2+ 37. Kd3 Be5 38. b4 Qh3+ 39. Kc4
Nb6+ 40. Kb5 Nc8 41. Ka6 Qa3 42. Ka5 Qd3 43. b5 Qxe4 44. b6 axb6+ 45. Ka6 Qa8+
46. Kb5 Na7+ 47. Ka6 Nc6+ 48. Kb5 Nd4+ 49. Kb4 Qa5+ 50. Ka3 Ra8 51. Kb2 Qxa4
52. Kc3 Qa3+ 53. Kc4 Ra5 54. h5 Qc5+ 55. Kd3 gxh5 56. Ke4 Bg7 57. Kd3 Nc6 58.
Ke4 Ra4+ 59. Kf3 Qc3+ 0-1

[Event "Tournoi francophone 007 Groupe E"]
[Site "Skype"]
[Date "????.??.??"]
[Round "2.6"]
[White "Douichi, Mohammed"]
[Black "Morin, Claude"]
[Result "1-0"]
[WhiteElo "1165"]
[BlackElo "1013"]
[PlyCount "33"]

1. e4 e5 2. Bc4 Bc5 3. Nf3 Nc6 4. a3 a6 5. d3 b5 6. Bd5 Bb7 7. Ng5 Qe7 8. Nxf7
Qxf7 9. Bxf7+ Kxf7 10. Qh5+ Ke7 11. Bg5+ Nf6 12. Nc3 h6 13. Bh4 Nd4 14. Qxe5+
Kf7 15. O-O-O Nb3+ 16. cxb3 Rae8 17. Qxc5 1-0

[Event "Tournoi francophone 007 Groupe E"]
[Site "Skype"]
[Date "????.??.??"]
[Round "2.7"]
[White "Schnell, Nicolas"]
[Black "Lequeux, Pierre"]
[Result "0-1"]
[WhiteElo "1000"]
[BlackElo "1083"]
[PlyCount "84"]

1. e4 e5 2. Nf3 Nc6 3. g3 Nf6 4. d3 Bb4+ 5. c3 Bd6 6. Ng5 h6 7. Nf3 O-O 8. Bh3
Be7 9. g4 d6 10. Qb3 b6 11. Qb5 Nb8 12. d4 exd4 13. Nxd4 Bd7 14. Qc4 Nxg4 15.
Nd2 Bf6 16. N4f3 Ne3 17. fxe3 Bxh3 18. Rg1 Be6 19. Qf1 d5 20. e5 Bh4+ 21. Nxh4
Qxh4+ 22. Kd1 Qxh2 23. Nf3 Qh5 24. Qg2 g5 25. e4 dxe4 26. Bf4 exf3 27. Qg3 f2+
28. Kd2 fxg1=Q 29. Qxg1 f6 30. Qg2 c6 31. Bh2 a5 32. Rf1 Bh3 33. Qg3 Bxf1 34.
Qe1 Qxh2+ 35. Kd1 Bh3 36. exf6 Rxf6 37. Qe8+ Rf8 38. Qg6+ Kh8 39. Qxh6+ Kg8 40.
Qxg5+ Kf7 41. Qh5+ Ke6 42. Qc5 bxc5 0-1

[Event "Tournoi francophone 007 Groupe E"]
[Site "Skype"]
[Date "????.??.??"]
[Round "3.2"]
[White "Lecluyse, Koenraad"]
[Black "Khabou, Taha"]
[Result "1-0"]
[WhiteElo "1137"]
[BlackElo "1000"]
[PlyCount "79"]

1. d4 Nf6 2. Nf3 d5 3. Bf4 Bf5 4. e3 c6 5. Bd3 Bxd3 6. Qxd3 e6 7. Nbd2 Bd6 8.
Bg3 Bxg3 9. fxg3 Nbd7 10. O-O O-O 11. c3 Re8 12. e4 dxe4 13. Nxe4 Nxe4 14. Qxe4
Nf6 15. Qd3 c5 16. Rad1 cxd4 17. cxd4 Rc8 18. h3 Qd6 19. Ne5 Qb6 20. b3 Red8
21. Nc4 Qc7 22. g4 h6 23. Qe3 Nd5 24. Qf3 f6 25. h4 Nb4 26. Rf2 Nc6 27. Qe3 Ne5
28. g5 Ng4 29. Qf4 Nxf2 30. Qxc7 Rxc7 31. Kxf2 hxg5 32. hxg5 fxg5 33. Ne5 Rc2+
34. Ke3 Rxg2 35. Ng6 Rxa2 36. Rh1 Kf7 37. Ne5+ Kf6 38. Ng4+ Kf5 39. Ne5 Ra3 40.
Rf1# 1-0

[Event "Tournoi francophone 007 Groupe E"]
[Site "Skype"]
[Date "????.??.??"]
[Round "3.3"]
[White "Scata, Laura"]
[Black "Dhenain, Sebastien"]
[Result "0-1"]
[WhiteElo "1152"]
[BlackElo "1201"]
[PlyCount "58"]

1. e4 e5 2. Nf3 Nc6 3. Bc4 Bc5 4. c3 Nf6 5. d4 exd4 6. cxd4 Nxd4 7. Nc3 Nxf3+
8. Qxf3 d6 9. h3 O-O 10. O-O Re8 11. Re1 c6 12. Bf4 Be6 13. Bxe6 Rxe6 14. Rad1
d5 15. e5 Nd7 16. a3 Bb6 17. b4 a5 18. b5 a4 19. Be3 Ba5 20. Rd3 Nxe5 21. Qd1
Nxd3 22. Qxd3 Bxc3 23. Qxc3 d4 24. Qc5 dxe3 25. fxe3 Qd2 26. Qb6 Qxe1+ 27. Kh2
Rxe3 28. Qxb7 Qg3+ 29. Kg1 Re1# 0-1

[Event "Tournoi francophone 007 Groupe E"]
[Site "Skype"]
[Date "????.??.??"]
[Round "3.4"]
[White "Lequeux, Pierre"]
[Black "Douichi, Mohammed"]
[Result "0-1"]
[WhiteElo "1083"]
[BlackElo "1165"]
[PlyCount "68"]

1. e4 e5 2. Nc3 Nf6 3. d4 Bb4 4. dxe5 Nxe4 5. Qd3 d5 6. exd6 Bxc3+ 7. bxc3 Nxd6
8. Qe3+ Be6 9. Ba3 Nf5 10. Qe4 c6 11. Rb1 Qd7 12. Rd1 Qc7 13. Bc4 Qc8 14. Nf3
Ne7 15. Bxe7 Kxe7 16. Nd4 Rd8 17. Bxe6 fxe6 18. O-O Qd7 19. Rd3 Na6 20. Rfd1
Nc5 21. Qh4+ Kf7 22. Rf3+ Kg8 23. Qf4 Re8 24. Qd2 Ne4 25. Qe3 Nf6 26. Qd3 Rad8
27. Rh3 Qd5 28. Qxh7+ Nxh7 29. Rhd3 Qe5 30. h3 Ng5 31. Nf3 Nxf3+ 32. gxf3 Rxd3
33. cxd3 Qe2 34. Kg2 Qxd1 0-1

[Event "Tournoi francophone 007 Groupe E"]
[Site "Skype"]
[Date "????.??.??"]
[Round "3.5"]
[White "Pilon, Sabrina"]
[Black "Mimouni, Driss"]
[Result "1-0"]
[WhiteElo "1000"]
[BlackElo "1068"]
[PlyCount "47"]

1. e4 e5 2. Nf3 Nc6 3. d4 d6 4. Bc4 h6 5. O-O Be6 6. Na3 Nf6 7. d5 Bg4 8. dxc6
bxc6 9. Qd3 Be6 10. Be3 d5 11. exd5 cxd5 12. Bb5+ Bd7 13. Nxe5 Bxb5 14. Nxb5 c6
15. Nxc6 Qc8 16. Ncxa7 Qg4 17. Nc7+ Kd8 18. Nxa8 Bd6 19. Rfe1 Bxh2+ 20. Kxh2
Qh4+ 21. Kg1 Ng4 22. Qxd5+ Ke7 23. Bg5+ Kf8 24. Qd8# 1-0

[Event "Tournoi francophone 007 Groupe E"]
[Site "Skype"]
[Date "????.??.??"]
[Round "3.6"]
[White "Bacha, Mehdi"]
[Black "Schnell, Nicolas"]
[Result "1-0"]
[WhiteElo "1173"]
[BlackElo "1000"]
[PlyCount "89"]

1. e4 e5 2. c4 Nc6 3. d3 Bc5 4. Be3 Nd4 5. Nf3 Bb4+ 6. Nbd2 Nxf3+ 7. gxf3 Qh4
8. Qe2 Nf6 9. O-O-O b5 10. cxb5 d5 11. a3 Ba5 12. h3 Bb7 13. Kb1 Rd8 14. Bg2
Rd6 15. Nb3 Bb6 16. Bxb6 Rxb6 17. Nc5 Ba8 18. Na6 Kd7 19. Rc1 Rc8 20. Nc5+ Ke8
21. Rhg1 Rxb5 22. Na6 Rb3 23. Nxc7+ Kd8 24. Nxa8 Rxa8 25. Qc2 Rb7 26. b4 Nh5
27. exd5 Nf4 28. d6 a5 29. Qc6 Ne6 30. Qxb7 Qe4 31. Qxa8+ Kd7 32. Qa7+ Kxd6 33.
Qxa5 Qxd3+ 34. Rc2 Qb3+ 35. Rb2 Qd3+ 36. Ka1 f6 37. Qa4 Nd4 38. Rd1 Nc2+ 39.
Rxc2 Qxd1+ 40. Kb2 Qd4+ 41. Kc1 Qa1+ 42. Kd2 Kd5 43. f4+ e4 44. Qb3+ Kd4 45.
Qc4# 1-0

[Event "Tournoi francophone 007 Groupe E"]
[Site "Skype"]
[Date "????.??.??"]
[Round "3.7"]
[White "Morin, Claude"]
[Black "Le Bouill, Pierre"]
[Result "0-1"]
[WhiteElo "1013"]
[BlackElo "1227"]
[PlyCount "43"]

1. e4 d5 2. Bb5+ c6 3. Ba4 b5 4. Bb3 Bb7 5. e5 e6 6. Nf3 h6 7. c3 Ne7 8. d4 Ng6
9. g3 c5 10. O-O f6 11. Re1 Nd7 12. Qd3 Ne7 13. Qxb5 cxd4 14. Qxb7 dxc3 15.
Nxc3 fxe5 16. Qb4 Ng6 17. Bc2 Bxb4 18. Bxg6+ Kf8 19. Bd3 e4 20. Bb5 exf3 21.
Rxe6 Kf7 22. Rd6 0-1

[Event "Tournoi francophone 007 Groupe E"]
[Site "Skype"]
[Date "????.??.??"]
[Round "4.1"]
[White "Lecluyse, Koenraad"]
[Black "Chothe, Siddhant"]
[Result "0-1"]
[WhiteElo "1137"]
[BlackElo "1193"]
[PlyCount "86"]

1. d4 d5 2. Nf3 b6 3. Bf4 Bb7 4. e3 e6 5. Ne5 Bd6 6. Bb5+ c6 7. Bxc6+ Nxc6 8.
Nxc6 Bxc6 9. Qf3 Bxf4 10. Qxf4 Nf6 11. O-O O-O 12. Nd2 Rc8 13. c3 Qc7 14. Rac1
Qxf4 15. exf4 Rfe8 16. Nf3 Ne4 17. Rfe1 f6 18. h3 Nd6 19. g4 h6 20. g5 fxg5 21.
fxg5 hxg5 22. Nxg5 Bd7 23. Re5 Nf7 24. Nxf7 Kxf7 25. Kh2 Rh8 26. Rg1 Rh6 27.
Reg5 g6 28. Kg3 Re8 29. Kg4 e5+ 30. Kg3 Rxh3+ 31. Kg2 Kf6 32. f4 exf4 33. Re5
Rxe5 34. dxe5+ Kxe5 35. Re1+ Kf6 36. Rd1 g5 37. Rxd5 Bc6 38. Kxh3 Bxd5 39. Kg4
Be6+ 40. Kf3 Ke5 41. b4 g4+ 42. Kf2 g3+ 43. Kf3 Bd5+ 0-1

[Event "Tournoi francophone 007 Groupe E"]
[Site "Skype"]
[Date "????.??.??"]
[Round "4.2"]
[White "Dhenain, Sebastien"]
[Black "Bacha, Mehdi"]
[Result "1-0"]
[WhiteElo "1201"]
[BlackElo "1173"]
[PlyCount "59"]

1. e4 g6 2. Nf3 Bg7 3. d4 Nf6 4. e5 Nd5 5. Bd2 O-O 6. Nc3 e6 7. Nxd5 exd5 8.
Bg5 Qe8 9. Qe2 d6 10. Qb5 Qxb5 11. Bxb5 Bf5 12. Be7 a6 13. Bxf8 Kxf8 14. Be2
Bxc2 15. Rc1 Bf5 16. O-O Bh6 17. Rxc7 Nd7 18. Rxb7 Bg4 19. h3 Bxf3 20. Bxf3 Rd8
21. Bxd5 dxe5 22. dxe5 Bg7 23. e6 fxe6 24. Bxe6 Ke7 25. Re1 Bd4 26. Bc4+ Kd6
27. Rd1 Kc5 28. b3 Nb6 29. Rc7+ Kb4 30. Rb7 1-0

[Event "Tournoi francophone 007 Groupe E"]
[Site "Skype"]
[Date "????.??.??"]
[Round "4.3"]
[White "Rodriguez, Nathalie"]
[Black "Douichi, Mohammed"]
[Result "1-0"]
[WhiteElo "1185"]
[BlackElo "1165"]
[PlyCount "108"]

1. Nf3 d5 2. d4 Nf6 3. e3 Bg4 4. Be2 Nc6 5. c3 e6 6. O-O Bd6 7. h3 Bxf3 8. Bxf3
O-O 9. Nd2 Ne7 10. Be2 c6 11. f4 Nf5 12. Nf3 Nxe3 13. Bxe3 Ne4 14. Qe1 Qf6 15.
Ng5 Nxg5 16. fxg5 Qg6 17. Qd2 a6 18. Rf3 Rae8 19. Raf1 Re7 20. Bd3 Qh5 21. g4
Qh4 22. Bf2 Bg3 23. Bxg3 Qxh3 24. Bf4 Qxg4+ 25. Rg3 Qh4 26. Kf2 Qh2+ 27. Rg2
Qh3 28. Rh2 Qg4 29. Be2 Qf5 30. Bd3 Qg4 31. Rg1 Qxg1+ 32. Kxg1 f5 33. Bd6 Ref7
34. Bxf8 Rxf8 35. Rf2 g6 36. Qe3 Re8 37. Rh2 b5 38. Qe5 a5 39. Qc7 h5 40. Qxc6
Kf7 41. Qxb5 f4 42. Qb7+ Re7 43. Qb5 f3 44. Rf2 Kg7 45. Rxf3 e5 46. Qxd5 exd4
47. Qxd4+ Kh7 48. Rf6 h4 49. Qxh4+ Kg8 50. Bxg6 Rg7 51. Bf7+ Kf8 52. Qh8+ Rg8
53. Bxg8+ Ke7 54. Re6+ Kd7 1-0

[Event "Tournoi francophone 007 Groupe E"]
[Site "Skype"]
[Date "????.??.??"]
[Round "4.5"]
[White "Khabou, Taha"]
[Black "Pilon, Sabrina"]
[Result "1-0"]
[WhiteElo "1000"]
[BlackElo "1000"]
[PlyCount "51"]

1. c4 e5 2. e4 Bc5 3. Nf3 Nc6 4. d3 Nf6 5. h3 O-O 6. Nc3 d6 7. Bg5 Be6 8. Be2
Qd7 9. Bxf6 gxf6 10. Qd2 Rad8 11. O-O-O d5 12. exd5 Nd4 13. dxe6 Nxf3 14. exf7+
Rxf7 15. Bxf3 c6 16. Ne4 Bd4 17. Qh6 Qe6 18. Ng5 Qf5 19. Nxf7 Kxf7 20. Rhe1 b5
21. Bg4 Qxf2 22. Qxh7+ Kf8 23. Re2 Qf4+ 24. Kb1 a5 25. Bh5 bxc4 26. Qd7 1-0

[Event "Tournoi francophone 007 Groupe E"]
[Site "Skype"]
[Date "????.??.??"]
[Round "4.6"]
[White "Mimouni, Driss"]
[Black "Le Bouill, Pierre"]
[Result "0-1"]
[WhiteElo "1068"]
[BlackElo "1227"]
[PlyCount "86"]

1. c4 d5 2. e3 e6 3. Nc3 c6 4. d3 Bd6 5. Nf3 e5 6. g3 h6 7. Bg2 Nf6 8. O-O O-O
9. cxd5 cxd5 10. Nh4 Nc6 11. e4 dxe4 12. dxe4 Nxe4 13. Nxe4 Be7 14. Bd2 Bxh4
15. gxh4 Qxh4 16. Qf3 Nd4 17. Qe3 Nc2 18. Qg3 Qxg3 19. fxg3 Nxa1 20. Rxa1 Rd8
21. Bc3 f6 22. Ba5 Rd4 23. Bc3 Rd8 24. a4 Bf5 25. b4 Rac8 26. Rc1 Bxe4 27. Bxe4
b6 28. Bf5 Rc7 29. h4 Kf7 30. b5 Rc4 31. a5 bxa5 32. h5 a4 33. Bd3 Rc5 34. Bb4
Rxc1+ 35. Kh2 Rxd3 36. Kh3 Rc4 37. Be1 a3 38. Bf2 a2 39. Kg2 a1=Q 40. g4 Qc3
41. Bg3 Rxg4 42. Kh3 Rdxg3+ 43. Kh2 Qd2+ 0-1

[Event "Tournoi francophone 007 Groupe E"]
[Site "Skype"]
[Date "????.??.??"]
[Round "4.7"]
[White "Schnell, Nicolas"]
[Black "Morin, Claude"]
[Result "1-0"]
[WhiteElo "1000"]
[BlackElo "1013"]
[PlyCount "21"]

1. e4 e5 2. Nf3 Nc6 3. Bc4 Bc5 4. O-O h6 5. d3 Nf6 6. Nc3 O-O 7. Nh4 g6 8. Bxh6
Re8 9. Qf3 Nh7 10. Qxf7+ Kh8 11. Qg7# 1-0

[Event "Tournoi francophone 007 Groupe E"]
[Site "Skype"]
[Date "????.??.??"]
[Round "5.1"]
[White "Rodriguez, Nathalie"]
[Black "Lecluyse, Koenraad"]
[Result "1-0"]
[WhiteElo "1185"]
[BlackElo "1137"]
[PlyCount "75"]

1. Nf3 Nc6 2. d4 d5 3. e3 Bg4 4. Be2 e6 5. c3 Bd6 6. h3 Bxf3 7. Bxf3 Nf6 8. O-O
O-O 9. Be2 h6 10. f4 Ne4 11. Nd2 Nxd2 12. Bxd2 f5 13. Qb3 b6 14. Qa4 Na5 15. b4
Nb7 16. Ba6 Qc8 17. Rf3 c5 18. bxc5 bxc5 19. Qb5 Rb8 20. Rb1 cxd4 21. exd4 Qc7
22. Bxb7 Rf7 23. Qa6 Qd8 24. Qd3 Rfxb7 25. Rbf1 Rb2 26. Kh2 Qa5 27. Bc1 Rxa2
28. Qe3 Ba3 29. Bxa3 Qxa3 30. Qxe6+ Kh7 31. Qxf5+ Kg8 32. Qxd5+ Kh7 33. Qe4+
Kg8 34. Re1 Qb2 35. Rg3 Qf2 36. Qe6+ Kh7 37. Qg6+ Kg8 38. Qxg7# 1-0

[Event "Tournoi francophone 007 Groupe E"]
[Site "Skype"]
[Date "????.??.??"]
[Round "5.2"]
[White "Chothe, Siddhant"]
[Black "Dhenain, Sebastien"]
[Result "1-0"]
[WhiteElo "1193"]
[BlackElo "1201"]
[PlyCount "73"]

1. e4 e5 2. Nf3 Nc6 3. Bc4 Bc5 4. c3 Nf6 5. d4 exd4 6. cxd4 Nxd4 7. Nxd4 Nxe4
8. O-O O-O 9. Be3 d5 10. Bd3 Bxd4 11. Bxd4 Qg5 12. Be3 Qg6 13. f3 Bh3 14. Qe2
Bf5 15. fxe4 dxe4 16. Bc2 h5 17. Qf2 Bh3 18. Qg3 Bf5 19. Qxg6 Bxg6 20. Nc3 Rfe8
21. Rf4 Re7 22. Bc5 Re6 23. Bb3 Re5 24. Bd4 Ree8 25. Raf1 e3 26. Bxf7+ Bxf7 27.
Rxf7 e2 28. Rxg7+ Kh8 29. Rxc7+ Kg8 30. Rg7+ Kh8 31. Rxb7+ Kg8 32. Rg7+ Kh8 33.
Rxa7+ Kg8 34. Rg7+ Kh8 35. Re7+ Kg8 36. Rxe8+ Rxe8 37. Re1 1-0

[Event "Tournoi francophone 007 Groupe E"]
[Site "Skype"]
[Date "????.??.??"]
[Round "5.3"]
[White "Bacha, Mehdi"]
[Black "Scata, Laura"]
[Result "0-1"]
[WhiteElo "1173"]
[BlackElo "1152"]
[PlyCount "47"]

1. d4 c6 2. e3 d5 3. Bd3 Nf6 4. f4 Bg4 5. Nf3 e6 6. O-O Bd6 7. Nbd2 O-O 8. c3
Nbd7 9. Bc2 Qb6 10. h3 Bh5 11. a3 c5 12. Bd3 cxd4 13. cxd4 Rac8 14. b4 a6 15.
g4 Bg6 16. Bxg6 hxg6 17. Ne5 Nxe5 18. fxe5 Bxe5 19. dxe5 Qxe3+ 20. Rf2 Qg3+ 21.
Rg2 Qxe5 22. Nf3 Qxa1 23. Bg5 Qxd1+ 24. Kh2 0-1

[Event "Tournoi francophone 007 Groupe E"]
[Site "Skype"]
[Date "????.??.??"]
[Round "5.4"]
[White "Le Bouill, Pierre"]
[Black "Pilon, Sabrina"]
[Result "1-0"]
[WhiteElo "1227"]
[BlackElo "1000"]
[PlyCount "57"]

1. d4 d6 2. f4 Nf6 3. Nf3 g6 4. e3 Bg7 5. Bd3 O-O 6. O-O Nc6 7. c3 Qe8 8. Re1
e5 9. dxe5 dxe5 10. e4 Bg4 11. h3 Rd8 12. hxg4 Nxg4 13. Qe2 exf4 14. Bxf4 Bd4+
15. Nxd4 h5 16. Bxc7 Nxd4 17. cxd4 Rxd4 18. Nc3 Qe7 19. Bg3 Qc5 20. Bf2 Qe5 21.
g3 Rfd8 22. Bxd4 Qxg3+ 23. Qg2 Qxd3 24. Bxa7 Ne3 25. Bxe3 Re8 26. Rad1 Qc4 27.
Nd5 Rxe4 28. Nf6+ Kg7 29. Nxe4 1-0

[Event "Tournoi francophone 007 Groupe E"]
[Site "Skype"]
[Date "????.??.??"]
[Round "5.5"]
[White "Douichi, Mohammed"]
[Black "Khabou, Taha"]
[Result "1-0"]
[WhiteElo "1165"]
[BlackElo "1000"]
[PlyCount "107"]

1. e4 c6 2. Nf3 Nf6 3. Nc3 d5 4. e5 Nfd7 5. d4 Nb6 6. Bd3 Bg4 7. O-O e6 8. Bg5
Be7 9. Bf4 Bxf3 10. Qxf3 N8d7 11. Qg4 g6 12. a3 c5 13. Be3 cxd4 14. Bxd4 O-O
15. Bb5 Qc7 16. Bxd7 Nxd7 17. Rfe1 Rfe8 18. Qd1 Bf8 19. Nb5 Qc4 20. Qd3 Rac8
21. Re2 a6 22. Na7 Qxd3 23. cxd3 Ra8 24. Be3 Nxe5 25. d4 Nc4 26. Nc6 bxc6 27.
b3 Nxe3 28. Rxe3 Bg7 29. Rd1 Rab8 30. b4 Bh6 31. Rc3 Rb6 32. Rdd3 Reb8 33. Rh3
Bg7 34. Rhd3 a5 35. b5 Rxb5 36. Rd1 Bxd4 37. Rxc6 Rb1 38. Rcc1 Rxc1 39. Rxc1
Bb2 40. Rb1 d4 41. Kf1 e5 42. f3 Kg7 43. Ke2 Kf6 44. Kd3 Rb3+ 45. Kc2 Rc3+ 46.
Kxb2 Ke6 47. a4 Kd5 48. Re1 Kc4 49. Rxe5 d3 50. Re4+ Kc5 51. Kxc3 Kb6 52. Kxd3
f5 53. Re6+ Ka7 54. Re7+ 1-0